Cristianismo ¿para qué? /

Spremljeno u:
Bibliografski detalji
Glavni autor: Bennett, Tito
Format: Tekst
Teme:
Oznake: Dodaj oznaku
Bez oznaka, Budi prvi tko označuje ovaj zapis!

MARC

LEADER 00000 a a2200000 04500
001 5051
003
040
100 |a Bennett, Tito  
245 |a Cristianismo ¿para qué? /  |c Tito Bennett 
650 |a CRISTIANISMO  
773 |g número 64; páginas 52-53  
999 |c 37524  |d 37524